| 000 | 00676 a2200193 4500 | ||
|---|---|---|---|
| 020 | _a0387982744 | ||
| 020 | _a9780387982748 | ||
| 082 | 0 | 4 | _a515.222 |
| 090 |
_c1563 _d1563 |
||
| 100 | 1 | _aBeardon, Alan F. | |
| 245 | 1 | 0 |
_aLimits : _ba new approach to real analysis / _cAlan F. Beardon. |
| 250 | _a1st ed. | ||
| 260 |
_a[S.l.] : _bSpringer, _c1997. |
||
| 300 |
_a213 p. ; _c25 cm. |
||
| 490 | 1 | _aUndergraduate texts in mathematics. | |
| 830 | 0 | _aUndergraduate texts in mathematics. | |
| 942 |
_aSNS _cBK _k516.222 BEA |
||
| 999 |
_c30173 _d30173 |
||